Turma da Mônica Jovem: Sombras do passado (Record no. 127102)

MARC details
000 -LÍDER
campo de controle de tamanho fixo 00602 a2200205 4500
001 - NÚMERO DE CONTROLE
campo de controle 127102
020 ## - ISBN - INTERNATIONAL STANDARD BOOK NUMBER
ISBN - International Standard Book Number 9788542613322
040 ## - FONTE DA CATALOGAÇÃO
Instituição que transcreveu o registro Escola Canadense de Niteroi
090 ## - NÚMERO DE CHAMADA LOCAL
Número de chamada (OCLC) (R); Número de chamada, CALL (RLIN) (NR) SOU - TMJ
100 ## - ENTRADA PRINCIPAL--NOME PESSOAL
Nome pessoal Souza, Maurício de
245 10 - TÍTULO
Título Turma da Mônica Jovem: Sombras do passado
260 ## - PUBLICAÇÃO, DISTRIBUIÇÃO, ETC.
Local de publicação, distribuição, etc. São Paulo
300 ## - DESCRIÇÃO FÍSICA
Extensão 248 p.
Outros detalhes físicos il.
Dimensões m x 16.00cm
362 0# - DATAS DE PUBLICAÇÃO E/OU DESIGNAÇÃO SEQUENCIAL
Datas de publicação e/ou designação sequencial 2019
490 0# - TÍTULO DA SÉRIE
Título da série Turma da Mônica Jovem
520 ## - NOTA DE RESUMO, ETC
Resumo, etc. Uma emocionante aventura sobre medos do passado! Que inimigas voltarão para assombrar a galera?
650 #4 - ASSUNTO--TERMO TÓPICO
Cabeçalho tópico ou nome geográfico Literatura Infanto Juvenil
650 #4 - ASSUNTO--TERMO TÓPICO
Cabeçalho tópico ou nome geográfico Quadrinhos
942 ## - ELEMENTOS DE ENTRADA ADICIONADOS (KOHA)
Tipo de material Koha Livros
Holdings
Situação do descarte Situação das perdas Situação física Não pode ser emprestado Biblioteca de origem Biblioteca atual Data de aquisição Total de empréstimos Número de chamada completo Código de barras Data de último acesso Data do último empréstimo Data do preço efetivo Tipo de material Koha
        Canadian School of Niterói - Piratininga Canadian School of Niterói - Piratininga 09/02/2024 3 SOU - TMJ A23108 26/06/2024 21/06/2024 09/02/2024 Livros